|
|
|
|
| LEADER |
00000nab a2200000 4500 |
| 001 |
vtls012262634 |
| 003 |
SK-MaSNL |
| 005 |
20260318115256.0 |
| 008 |
240821c2016 xo ar|p || ||00 c0ukr |
| 015 |
|
|
|a SNBRA2024/08
|
| 038 |
|
|
|a SVKPOCL
|
| 040 |
|
|
|a SVKPOCL
|b slo
|c SVKPOCL
|e rda
|
| 041 |
1 |
|
|a ukr
|b eng
|h eng
|
| 043 |
|
|
|a e-au---
|a e-hu---
|a e-un---
|
| 044 |
|
|
|a xo
|c SK
|
| 072 |
|
7 |
|a 930.85
|x Dejiny civilizácie. Kultúrne dejiny
|2 konspekt
|
| 072 |
|
7 |
|a 94(47)
|x Dejiny krajín východnej Európy
|2 konspekt
|
| 072 |
|
7 |
|a 930
|x Historická veda. Pomocné vedy historické. Archívnictvo
|2 konspekt
|
| 080 |
|
|
|a 930.85
|2 2011
|
| 080 |
|
|
|a 94(477)
|2 2011
|
| 080 |
|
|
|a 94(437.7)
|2 2011
|
| 080 |
|
|
|a 316.356.4(091)
|2 2011
|
| 080 |
|
|
|a 323.1(=161.25)(091)
|2 2011
|
| 080 |
|
|
|a (=161.25)(091)
|2 2011
|
| 080 |
|
|
|a 314.117
|2 2011
|
| 080 |
|
|
|a (=161.25)"1919"
|2 2011
|
| 080 |
|
|
|a 930
|2 2011
|
| 080 |
|
|
|a (437.7)
|2 2011
|
| 080 |
|
|
|a (477)
|2 2011
|
| 100 |
1 |
|
|a Magocsi, Paul Robert,
|d 1945-
|4 aut
|9 107071
|
| 245 |
1 |
0 |
|a Mify ta stereotypy v istoriji Karpats'koji Rusi
|c Pavlo Robert Mahočij ; pereklad z anhlijs'koji Nadiji Kuško
|
| 336 |
|
|
|a text
|b txt
|2 rdacontent
|
| 337 |
|
|
|a bez média
|b n
|2 rdamedia
|
| 338 |
|
|
|a zväzok
|b nc
|2 rdacarrier
|
| 500 |
|
|
|a V rubrike Pozvanŷ referatŷ
|
| 504 |
|
|
|a Obsahuje bibliografické odkazy a bibliografiu
|
| 546 |
|
|
|a Obsahuje abstrakt v angličtine
|
| 610 |
2 |
7 |
|a Divadlo Alexandra Duchnoviča
|2 SNKKA
|9 31263
|
| 610 |
2 |
7 |
|a Ukrajinské národné divadlo v Prešove
|2 SNKPHbucl
|9 232422
|
| 648 |
|
7 |
|a 476-1526
|2 svkpocl
|9 1605144
|
| 648 |
|
7 |
|a 19.-20. storočie
|2 svkpocl
|9 279491
|
| 650 |
0 |
7 |
|a kultúrne dejiny
|2 SNKPH
|9 4307
|
| 650 |
0 |
7 |
|a Rusíni
|2 SNKPH
|9 4087
|
| 650 |
0 |
7 |
|a národnostné menšiny
|2 SNKPH
|9 2669
|
| 650 |
0 |
7 |
|a Podkarpatskí Rusíni
|2 SNKPH
|9 55421
|
| 650 |
0 |
7 |
|a etnicita
|2 SNKPH
|9 4899
|
| 650 |
0 |
7 |
|a karpatorusinistika
|2 SNKPH
|9 490626
|
| 650 |
0 |
7 |
|a etnické vzťahy
|2 SNKPH
|9 3862
|
| 650 |
0 |
7 |
|a národnosti
|2 SNKPH
|9 4722
|
| 650 |
0 |
7 |
|a politické názory a postoje
|2 SNKPH
|9 4305
|
| 650 |
0 |
7 |
|a národná identita
|2 SNKPH
|9 1665
|
| 650 |
0 |
7 |
|a historiografia
|2 SNKPH
|9 3848
|
| 650 |
0 |
7 |
|a historické mýty
|2 svkpocl
|9 1082045
|
| 650 |
0 |
7 |
|a cyrilometodejská misia
|2 SNKPH
|9 655798
|
| 650 |
0 |
7 |
|a historické stereotypy
|2 svkpocl
|9 771144
|
| 651 |
|
7 |
|a Podkarpatská Rus
|2 SNKPHgeo
|9 56369
|
| 651 |
|
7 |
|a Európa východná
|2 SNKPHgeo
|9 167635
|
| 651 |
|
7 |
|a Podkarpatská Rus
|x dejiny
|2 svkpocl
|9 89523
|
| 651 |
|
7 |
|a Zakarpatská Ukrajina
|2 SNKPH
|9 55422
|
| 651 |
|
7 |
|a Rakúsko-Uhorsko
|2 SNKPHgeo
|9 36860
|
| 700 |
1 |
|
|a Kuško, Nadija
|4 trl
|9 490627
|
| 773 |
0 |
|
|t Studium Carpato-Ruthenorum 2016 = Študiji z karpatorusynistikŷ 8.
|d Pr'ašiv : Pr'ašivska univerzita v Pr'ašovi : Inštitut rusyn'skoho jazŷka i kulturŷ, 2016
|g S. 84-99, 100
|z 9788055517544
|w vtls010063126
|
| 852 |
|
|
|a SVKPO
|b KIS3GCP
|
| 958 |
|
|
|a SS
|
| 958 |
|
|
|a UA
|
| 958 |
|
|
|a RN
|
| 958 |
|
|
|a SK
|
| 958 |
|
|
|a BC
|
| 958 |
|
|
|a NM
|
| 958 |
|
|
|a NB
|
| 999 |
|
|
|c 3305141
|d 3307071
|